[Event "I'M Not A GM Gp-C"]
[Site "Chess.com INT"]
[Date "2023.10.13"]
[Round "3.4"]
[White "Rensch, Daniel"]
[Black "Shuvalova, Polina"]
[Result "1-0"]
[WhiteElo "2402"]
[BlackElo "2506"]
[PlyCount "143"]
[EventDate "2023.10.13"]
[EventType "tourn (blitz)"]
[EventRounds "4"]
[EventCountry "USA"]
[EventCategory "8"]
[SourceTitle "Mega2024 Update 01"]
[Source "Chessbase"]
[SourceDate "2023.11.12"]
[SourceVersion "1"]
[SourceVersionDate "2023.11.12"]
[SourceQuality "1"]

1. e4 c6 2. d4 d5 3. exd5 cxd5 4. c4 Nf6 5. Nc3 e6 6. Nf3 Bb4 7. cxd5 Nxd5 8. Bd2 0-0 9. Bd3 Nc6 10. 0-0 Be7 11. Qe2 Bf6 12. Qe4 g6 13. Bh6 Re8 14. Rad1 Bg7 15. Bxg7 Kxg7 16. Ne5 Nf6 17. Nxc6 Nxe4 18. Nxd8 Nxc3 19. bxc3 Rxd8 20. Be4 Rb8 21. Rb1 b6 22. Rfd1 Bb7 23. f3 f5 24. Bxb7 Rxb7 25. Kf2 Rc7 26. Rb3 Rd5 27. Ke3 e5 28. Rd3 Re7 29. Kd2 Red7 30. Rb4 Kf7 31. Rc4 exd4 32. cxd4 Ra5 33. a4 Rad5 34. Kc3 f4 35. Rc6 Re7 36. Kd2 Ra5 37. Rc4 Rd5 38. Rdc3 Red7 39. Kd3 Ra5 40. Rc2 g5 41. h3 h6 42. Re2 Rad5 43. Re4 a5 44. Rc6 b5 45. axb5 Rxb5 46. Rxh6 Rb3+ 47. Kc4 Rb4+ 48. Kc5 Rc7+ 49. Kd6 Rcb7 50. Rh7+ Kf6 51. Re6+ Kf5 52. Re5+ Kf6 53. Rxb7 Rxb7 54. Rxa5 Rb2 55. d5 Rxg2 56. Ra8 Rf2 57. Rf8+ Kg7 58. Rf5 Kg6 59. Ke6 Rxf3 60. d6 Rxh3 61. d7 Rh8 62. Rf6+ Kh5 63. Ke7 Ra8 64. Rf8 Ra7 65. Ke6 Rxd7 66. Kxd7 Kg4 67. Ke6 Kg3 68. Kf5 g4 69. Ke4 f3 70. Ke3 Kg2 71. Rf4 Kg3 72. Re4 1-0

[Event "I'M Not A GM Gp-C"]
[Site "Chess.com INT"]
[Date "2023.10.13"]
[Round "4.1"]
[White "Shuvalova, Polina"]
[Black "Rensch, Daniel"]
[Result "1-0"]
[WhiteElo "2506"]
[BlackElo "2402"]
[PlyCount "63"]
[EventDate "2023.10.13"]
[EventType "tourn (blitz)"]
[EventRounds "4"]
[EventCountry "USA"]
[EventCategory "8"]
[SourceTitle "Mega2024 Update 01"]
[Source "Chessbase"]
[SourceDate "2023.11.12"]
[SourceVersion "1"]
[SourceVersionDate "2023.11.12"]
[SourceQuality "1"]

1. e4 c5 2. Nf3 Nc6 3. Bb5 e6 4. 0-0 Nge7 5. Re1 a6 6. Bf1 d6 7. c3 Ng6 8. d4 cxd4 9. cxd4 Be7 10. Nc3 0-0 11. h3 b5 12. Be3 Na5 13. b3 Bb7 14. Rc1 Rc8 15. Bd3 Re8 16. Ne2 Nf8 17. Qd2 Nc6 18. Ng3 Qa5 19. Qe2 g6 20. d5 exd5 21. exd5 Nb8 22. Rxc8 Bxc8 23. Bd4 Bd7 24. Qc2 h5 25. Ne4 b4 26. Bc4 Bf5 27. Qd2 Nbd7 28. Ng3 Ne5 29. Nxf5 gxf5 30. Nxe5 dxe5 31. Rxe5 Bc5 32. Rxe8 1-0

[Event "I'M Not A GM Speed Chess"]
[Site "Chess.com INT"]
[Date "2022.06.08"]
[Round "3.21"]
[White "Rensch, Daniel"]
[Black "Rosen, Eric S"]
[Result "0-1"]
[WhiteElo "2402"]
[BlackElo "2360"]
[PlyCount "76"]
[EventDate "2022.05.09"]
[EventType "k.o. (blitz)"]
[EventRounds "4"]
[EventCountry "USA"]
[SourceTitle "CBM 209 Extra"]
[Source "ChessBase"]
[SourceDate "2022.09.30"]
[SourceVersion "1"]
[SourceVersionDate "2022.09.30"]
[SourceQuality "1"]

1. e4 c5 2. Nf3 e6 3. d4 cxd4 4. Nxd4 Nc6 5. Nc3 Qc7 6. Be3 a6 7. Qd2 Nf6 8. 0-0-0 Bb4 9. f3 Ne5 10. Nb3 b5 11. Bd4 Be7 12. Kb1 d6 13. h4 Rb8 14. Bd3 b4 15. Ne2 a5 16. h5 a4 17. Nbc1 h6 18. Qe1 Nfd7 19. f4 Nxd3 20. cxd3 e5 21. Be3 Nc5 22. Bxc5 Qxc5 23. d4 exd4 24. Nxd4 0-0 25. Qe3 Bg4 26. Nd3 Qb6 27. Rd2 Bf6 28. Nf2 Be6 29. g4 Qc5 30. g5 hxg5 31. f5 Bxa2+ 32. Kxa2 b3+ 33. Kb1 a3 34. bxa3 Rfc8 35. h6 b2 36. hxg7 Qc1+ 37. Rxc1 bxc1Q+ 38. Ka2 Qb1# 0-1

[Event "I'M Not A GM Speed Chess"]
[Site "Chess.com INT"]
[Date "2022.06.08"]
[Round "3.36"]
[White "Rensch, Daniel"]
[Black "Rosen, Eric S"]
[Result "0-1"]
[WhiteElo "2402"]
[BlackElo "2360"]
[PlyCount "102"]
[EventDate "2022.05.09"]
[EventType "k.o. (blitz)"]
[EventRounds "4"]
[EventCountry "USA"]
[SourceTitle "CBM 209 Extra"]
[Source "ChessBase"]
[SourceDate "2022.09.30"]
[SourceVersion "1"]
[SourceVersionDate "2022.09.30"]
[SourceQuality "1"]

1. e4 e5 2. Nf3 Nf6 3. Nxe5 Nc6 4. Nxc6 dxc6 5. Nc3 Bc5 6. h3 h5 7. d3 Bd4 8. Qe2 Be6 9. Be3 h4 10. Qd2 a5 11. Be2 a4 12. a3 Qd6 13. Bxd4 Qxd4 14. Qe3 c5 15. Qxd4 cxd4 16. Nb5 0-0-0 17. c3 dxc3 18. Nxc3 Bb3 19. f4 Nd7 20. Kf2 Nc5 21. Ke3 Rhe8 22. Rac1 f5 23. e5 Ne6 24. Nb5 Rd7 25. Nd6+ Rxd6 26. exd6 c6 27. Bh5 Rd8 28. Bf7 Kd7 29. Bxe6+ Kxe6 30. Rhe1 Rxd6 31. Rc5 g6 32. Kd2+ Kd7 33. Kc3 b5 34. Rce5 Be6 35. d4 Ke7 36. Rd1 Kf6 37. Rd2 Rd8 38. Kb4 Bd5 39. Kc5 Be4 40. Re2 Rc8 41. Re3 Rd8 42. g4 hxg3 43. Rxg3 Rh8 44. Re3 Rd8 45. h4 Rh8 46. Kd6 Rd8+ 47. Kc5 Rh8 48. R5xe4 fxe4 49. Kxc6 Kf5 50. d5 Kxf4 51. d6 Kxe3 0-1

[Event "I'M Not A GM Speed Chess"]
[Site "Chess.com INT"]
[Date "2022.06.08"]
[Round "3.11"]
[White "Rosen, Eric S"]
[Black "Rensch, Daniel"]
[Result "1-0"]
[WhiteElo "2360"]
[BlackElo "2402"]
[PlyCount "79"]
[EventDate "2022.05.09"]
[EventType "k.o. (blitz)"]
[EventRounds "4"]
[EventCountry "USA"]
[SourceTitle "CBM 209 Extra"]
[Source "ChessBase"]
[SourceDate "2022.09.30"]
[SourceVersion "1"]
[SourceVersionDate "2022.09.30"]
[SourceQuality "1"]

1. e4 c5 2. Nc3 Nc6 3. Bb5 e6 4. Bxc6 bxc6 5. f4 d6 6. Nf3 Ne7 7. 0-0 Rb8 8. d3 g6 9. Qe1 Bg7 10. Rb1 0-0 11. b3 f5 12. Kh1 h6 13. Bd2 Bd7 14. Qg3 Qe8 15. Rbe1 Qf7 16. Na4 c4 17. dxc4 fxe4 18. Rxe4 c5 19. Nc3 Bc6 20. Re2 Nf5 21. Qf2 Bxf3 22. gxf3 Nd4 23. Re4 Nxc2 24. Nb5 d5 25. Re2 Nd4 26. Nxd4 Bxd4 27. Be3 dxc4 28. bxc4 Rbd8 29. Rfe1 Rd6 30. Qg3 Qf6 31. f5 exf5 32. Bxh6 Rfd8 33. Bg5 Qf7 34. Bxd8 Rxd8 35. Re7 f4 36. Qg4 Qf5 37. Qxf5 gxf5 38. Re8+ Rxe8 39. Rxe8+ Kf7 40. Ra8 1-0

[Event "I'M Not A GM Speed Chess"]
[Site "Chess.com INT"]
[Date "2022.06.08"]
[Round "3.15"]
[White "Rosen, Eric S"]
[Black "Rensch, Daniel"]
[Result "1-0"]
[WhiteElo "2360"]
[BlackElo "2402"]
[PlyCount "83"]
[EventDate "2022.05.09"]
[EventType "k.o. (blitz)"]
[EventRounds "4"]
[EventCountry "USA"]
[SourceTitle "CBM 209 Extra"]
[Source "ChessBase"]
[SourceDate "2022.09.30"]
[SourceVersion "1"]
[SourceVersionDate "2022.09.30"]
[SourceQuality "1"]

1. d4 Nf6 2. Bf4 c5 3. e3 g6 4. c3 Bg7 5. dxc5 0-0 6. Nd2 Nh5 7. Bg5 Na6 8. Bxa6 bxa6 9. Ngf3 Rb8 10. Qc2 h6 11. Bh4 g5 12. Bg3 Nxg3 13. hxg3 Qc7 14. Nxg5 f5 15. Ngf3 Qxc5 16. Nb3 Qb5 17. Qe2 d6 18. Nfd4 Qb6 19. Qc4+ Kh7 20. Ne6 Bxe6 21. Qxe6 a5 22. Rb1 Qc7 23. Nd4 Rf6 24. Qd5 Qd7 25. Qxa5 e5 26. Nf3 Rb5 27. Qa4 Rxb2 28. Qxd7 Rxb1+ 29. Ke2 Rxh1 30. Nh4 Ra1 31. Nxf5 Rxa2+ 32. Ke1 Ra1+ 33. Ke2 Ra2+ 34. Kd3 Rg6 35. Ne7 Rf6 36. Nf5 Rg6 37. f3 Rxg2 38. Qf7 Rg1 39. Ne7 e4+ 40. Kc2 Rg2+ 41. Kb3 R6xg3 42. Qg8# 1-0

[Event "I'M Not A GM Speed Chess"]
[Site "Chess.com INT"]
[Date "2022.06.07"]
[Round "2.11"]
[White "Assaubayeva, Bibissara"]
[Black "Rensch, Daniel"]
[Result "0-1"]
[WhiteElo "2439"]
[BlackElo "2402"]
[PlyCount "54"]
[EventDate "2022.05.09"]
[EventType "k.o. (blitz)"]
[EventRounds "4"]
[EventCountry "USA"]
[SourceTitle "CBM 209 Extra"]
[Source "ChessBase"]
[SourceDate "2022.09.30"]
[SourceVersion "1"]
[SourceVersionDate "2022.09.30"]
[SourceQuality "1"]

1. d4 Nf6 2. c4 e6 3. Nf3 b6 4. g3 Bb7 5. Bg2 Be7 6. 0-0 0-0 7. Re1 d5 8. cxd5 exd5 9. Nc3 Nbd7 10. Ne5 Ne4 11. Bf4 Nxc3 12. bxc3 Nf6 13. c4 c5 14. e3 Rc8 15. Rc1 h6 16. h4 Ba8 17. g4 dxc4 18. Bxa8 Rxa8 19. Nc6 Qd7 20. d5 Rfe8 21. Nxe7+ Rxe7 22. d6 Re6 23. Rxc4 Nxg4 24. Bg3 Ne5 25. Qd5 Rae8 26. Rcc1 Rxd6 27. Qg2 Rf6 0-1

[Event "I'M Not A GM Speed Chess"]
[Site "Chess.com INT"]
[Date "2022.06.07"]
[Round "2.13"]
[White "Assaubayeva, Bibissara"]
[Black "Rensch, Daniel"]
[Result "1-0"]
[WhiteElo "2439"]
[BlackElo "2402"]
[PlyCount "83"]
[EventDate "2022.05.09"]
[EventType "k.o. (blitz)"]
[EventRounds "4"]
[EventCountry "USA"]
[SourceTitle "CBM 209 Extra"]
[Source "ChessBase"]
[SourceDate "2022.09.30"]
[SourceVersion "1"]
[SourceVersionDate "2022.09.30"]
[SourceQuality "1"]

1. d4 Nf6 2. c4 e6 3. Nf3 b6 4. g3 Bb7 5. Bg2 Be7 6. 0-0 0-0 7. Nc3 Ne4 8. Bd2 d5 9. cxd5 exd5 10. Rc1 Nd7 11. Bf4 Nxc3 12. Rxc3 c5 13. Rc1 Re8 14. Qd2 Bf6 15. Rfe1 Rc8 16. h4 Nf8 17. Bg5 Ne6 18. Bxf6 Qxf6 19. e3 Qe7 20. Red1 f6 21. Qe2 Rc7 22. h5 Rec8 23. Nh4 cxd4 24. Rxc7 Rxc7 25. Nf5 Qf7 26. exd4 Nf8 27. Qg4 Kh8 28. h6 g6 29. Nd6 Qe7 30. Nxb7 Rxb7 31. Bxd5 Rd7 32. Bg2 Rd8 33. d5 Qe5 34. Qb4 Nd7 35. d6 f5 36. Qa4 a5 37. Qc6 Qf6 38. Re1 f4 39. Re7 fxg3 40. fxg3 Ne5 41. Qc7 Nf3+ 42. Kh1 1-0

[Event "I'M Not A GM Speed Chess"]
[Site "Chess.com INT"]
[Date "2022.06.07"]
[Round "2.26"]
[White "Assaubayeva, Bibissara"]
[Black "Rensch, Daniel"]
[Result "1-0"]
[WhiteElo "2439"]
[BlackElo "2402"]
[PlyCount "39"]
[EventDate "2022.05.09"]
[EventType "k.o. (blitz)"]
[EventRounds "4"]
[EventCountry "USA"]
[SourceTitle "CBM 209 Extra"]
[Source "ChessBase"]
[SourceDate "2022.09.30"]
[SourceVersion "1"]
[SourceVersionDate "2022.09.30"]
[SourceQuality "1"]

1. d4 Nf6 2. c4 e6 3. Nf3 b6 4. a3 Bb7 5. Nc3 d5 6. cxd5 exd5 7. Bg5 Be7 8. e3 0-0 9. Bd3 Ne4 10. Bxe7 Qxe7 11. Qc2 Nd7 12. 0-0 Rac8 13. Nb5 a6 14. Na7 Ra8 15. Nc6 Qd6 16. Rac1 Nef6 17. Nce5 c5 18. Nxd7 Qxd7 19. dxc5 Rfc8 20. Bf5 1-0

[Event "I'M Not A GM Speed Chess"]
[Site "Chess.com INT"]
[Date "2022.06.07"]
[Round "2.25"]
[White "Rensch, Daniel"]
[Black "Assaubayeva, Bibissara"]
[Result "1-0"]
[WhiteElo "2402"]
[BlackElo "2439"]
[PlyCount "73"]
[EventDate "2022.05.09"]
[EventType "k.o. (blitz)"]
[EventRounds "4"]
[EventCountry "USA"]
[SourceTitle "CBM 209 Extra"]
[Source "ChessBase"]
[SourceDate "2022.09.30"]
[SourceVersion "1"]
[SourceVersionDate "2022.09.30"]
[SourceQuality "1"]

1. d4 Nf6 2. Nf3 g6 3. c4 Bg7 4. g3 0-0 5. Bg2 c6 6. 0-0 d5 7. Qb3 a5 8. cxd5 cxd5 9. Nc3 Nc6 10. Bf4 b6 11. Nb5 Ba6 12. Rfc1 Rc8 13. a4 Nb4 14. Bc7 Rxc7 15. Nxc7 Bxe2 16. Ne5 Nd7 17. Nxd5 Nxe5 18. dxe5 Nxd5 19. Qxd5 Qxd5 20. Bxd5 Rd8 21. Bc4 Bxc4 22. Rxc4 Bxe5 23. Re1 Bd6 24. Rd1 Kf8 25. Rc6 Rb8 26. Kg2 Ke8 27. Rc4 Kd7 28. h4 h5 29. b4 axb4 30. Rxb4 Rb7 31. a5 Kc6 32. Rc1+ Bc5 33. Rbc4 Kd5 34. axb6 Bxb6 35. Rc8 Bd4 36. Rd8+ Ke5 37. Re1+ 1-0

[Event "I'M Not A GM Speed Chess"]
[Site "Chess.com INT"]
[Date "2022.06.07"]
[Round "2.27"]
[White "Rensch, Daniel"]
[Black "Assaubayeva, Bibissara"]
[Result "1-0"]
[WhiteElo "2402"]
[BlackElo "2439"]
[PlyCount "69"]
[EventDate "2022.05.09"]
[EventType "k.o. (blitz)"]
[EventRounds "4"]
[EventCountry "USA"]
[SourceTitle "CBM 209 Extra"]
[Source "ChessBase"]
[SourceDate "2022.09.30"]
[SourceVersion "1"]
[SourceVersionDate "2022.09.30"]
[SourceQuality "1"]

1. d4 Nf6 2. c4 g6 3. Nf3 Bg7 4. g3 0-0 5. Bg2 d6 6. 0-0 Bf5 7. Nc3 Ne4 8. Nd5 c6 9. Ne3 Bc8 10. Qc2 f5 11. Rd1 Qe8 12. d5 c5 13. Nf1 Na6 14. a3 Bd7 15. N3d2 Ba4 16. b3 Bxa1 17. Nxe4 Bd7 18. Nc3 Bxc3 19. Qxc3 Nc7 20. e4 fxe4 21. Bb2 Rf6 22. Bxe4 Qf7 23. Ne3 h5 24. a4 Rf8 25. f4 Ne8 26. Ng2 Bg4 27. Re1 Kh7 28. Nh4 e5 29. dxe6 Rxe6 30. Kg2 Kh6 31. h3 Bxh3+ 32. Kxh3 Qd7 33. f5 Re5 34. Qd2+ g5 35. Bxe5 1-0

[Event "I'M Not A GM Speed Chess"]
[Site "Chess.com INT"]
[Date "2022.05.23"]
[Round "1.33"]
[White "Rensch, Daniel"]
[Black "Williams, Justus D"]
[Result "1-0"]
[WhiteElo "2402"]
[BlackElo "2417"]
[PlyCount "65"]
[EventDate "2022.05.09"]
[EventType "k.o. (blitz)"]
[EventRounds "4"]
[EventCountry "USA"]
[SourceTitle "CBM 209 Extra"]
[Source "ChessBase"]
[SourceDate "2022.09.30"]
[SourceVersion "1"]
[SourceVersionDate "2022.09.30"]
[SourceQuality "1"]

1. e4 c5 2. Nf3 e6 3. d4 cxd4 4. Nxd4 a6 5. Bd3 Bc5 6. Nb3 Ba7 7. Qe2 Nc6 8. Na3 b5 9. Bf4 d6 10. Rd1 e5 11. Bg3 Nge7 12. c4 b4 13. Nc2 Qc7 14. 0-0 Be6 15. Kh1 0-0 16. f4 f5 17. exf5 Nxf5 18. Bxf5 Rxf5 19. fxe5 Nxe5 20. Rxf5 Bxf5 21. c5 Bxc5 22. Nxc5 Qxc5 23. Nd4 Bg4 24. Qe4 Rf8 25. Rg1 Bh5 26. Ne6 Qc4 27. Qxc4 Nxc4 28. Nxf8 Kxf8 29. b3 Ne5 30. Bxe5 dxe5 31. Re1 Bg6 32. Rxe5 Bb1 33. Ra5 1-0

[Event "I'M Not A GM Speed Chess"]
[Site "Chess.com INT"]
[Date "2022.05.23"]
[Round "1.55"]
[White "Rensch, Daniel"]
[Black "Williams, Justus D"]
[Result "0-1"]
[WhiteElo "2402"]
[BlackElo "2417"]
[PlyCount "116"]
[EventDate "2022.05.09"]
[EventType "k.o. (blitz)"]
[EventRounds "4"]
[EventCountry "USA"]
[SourceTitle "CBM 209 Extra"]
[Source "ChessBase"]
[SourceDate "2022.09.30"]
[SourceVersion "1"]
[SourceVersionDate "2022.09.30"]
[SourceQuality "1"]

1. d4 Nf6 2. Bg5 d5 3. Bxf6 exf6 4. e3 Bd6 5. Bd3 0-0 6. Nd2 g6 7. h4 f5 8. h5 f4 9. Qf3 fxe3 10. fxe3 Qg5 11. Nf1 Bg4 12. Qf2 c5 13. c3 cxd4 14. cxd4 Nc6 15. Nf3 Bxf3 16. gxf3 Nb4 17. 0-0-0 Rac8+ 18. Kb1 Nxd3 19. Rxd3 Qf5 20. Qe2 Rc7 21. e4 dxe4 22. fxe4 Qb5 23. Ne3 Rfc8 24. Nd5 Rc2 25. Qxc2 Rxc2 26. Kxc2 Qa4+ 27. Kb1 Qc4 28. Rhd1 a5 29. h6 f5 30. Nf6+ Kf7 31. e5 Be7 32. d5 f4 33. Nxh7 Qe4 34. d6 Bd8 35. d7 Qxe5 36. Kc1 Qc5+ 37. Rc3 Qf5 38. Rc8 f3 39. Rxd8 Qc5+ 40. Kb1 Qf5+ 41. Ka1 Qc2 42. Rf8+ Ke6 43. Re1+ Kxd7 44. Nf6+ Kc7 45. Rf7+ Kb6 46. Nd7+ Ka7 47. Rxf3 Qc6 48. Rd3 g5 49. Red1 Qxh6 50. Ne5 Qe6 51. Nd7 g4 52. Nc5 Qc4 53. Nb3 a4 54. Nd4 g3 55. Rc3 Qd5 56. Rd2 Qh1+ 57. Rd1 Qxd1+ 58. Rc1 Qxc1# 0-1

[Event "I'M Not A GM Speed Chess"]
[Site "Chess.com INT"]
[Date "2022.05.23"]
[Round "1.11"]
[White "Williams, Justus D"]
[Black "Rensch, Daniel"]
[Result "1-0"]
[WhiteElo "2417"]
[BlackElo "2402"]
[PlyCount "99"]
[EventDate "2022.05.09"]
[EventType "k.o. (blitz)"]
[EventRounds "4"]
[EventCountry "USA"]
[SourceTitle "CBM 209 Extra"]
[Source "ChessBase"]
[SourceDate "2022.09.30"]
[SourceVersion "1"]
[SourceVersionDate "2022.09.30"]
[SourceQuality "1"]

1. e4 c5 2. Nf3 d6 3. Bb5+ Bd7 4. a4 Nf6 5. Qe2 e6 6. 0-0 Be7 7. e5 dxe5 8. Nxe5 0-0 9. Rd1 a6 10. Bxd7 Nbxd7 11. d4 Qc7 12. Bf4 Qb6 13. Nd2 Nxe5 14. dxe5 Nd5 15. Nc4 Qc6 16. Bg3 b5 17. Nd6 c4 18. Rd4 Bxd6 19. exd6 c3 20. b3 Rfe8 21. Rad1 Rad8 22. h4 h6 23. axb5 axb5 24. Qf3 Qc5 25. Qh5 Qb6 26. Be5 f6 27. Bg3 Qc6 28. Qg6 Qd7 29. Rg4 f5 30. Rgd4 Qf7 31. h5 Rd7 32. Be5 Qxg6 33. hxg6 Ra8 34. Rxd5 exd5 35. Rxd5 b4 36. Rb5 Re8 37. f4 Rdd8 38. Rxb4 Re6 39. Rc4 Rxg6 40. Rxc3 Re6 41. Rd3 g5 42. g3 gxf4 43. gxf4 Kf7 44. Kf2 Rg8 45. c4 Reg6 46. d7 Ke7 47. Bc7 Rg2+ 48. Ke1 Rg1+ 49. Kd2 R1g2+ 50. Kc3 1-0

[Event "I'M Not A GM Speed Chess"]
[Site "Chess.com INT"]
[Date "2022.05.23"]
[Round "1.13"]
[White "Williams, Justus D"]
[Black "Rensch, Daniel"]
[Result "1-0"]
[WhiteElo "2417"]
[BlackElo "2402"]
[PlyCount "107"]
[EventDate "2022.05.09"]
[EventType "k.o. (blitz)"]
[EventRounds "4"]
[EventCountry "USA"]
[SourceTitle "CBM 209 Extra"]
[Source "ChessBase"]
[SourceDate "2022.09.30"]
[SourceVersion "1"]
[SourceVersionDate "2022.09.30"]
[SourceQuality "1"]

1. Nf3 Nf6 2. c4 e6 3. b3 b6 4. Bb2 Bb7 5. g3 g6 6. Bg2 Bg7 7. 0-0 0-0 8. Nc3 c5 9. Rc1 a6 10. d4 cxd4 11. Qxd4 Ne4 12. Qd3 f5 13. Qe3 Nc6 14. Rfd1 Nb4 15. a3 Na2 16. Nxe4 Nxc1 17. Bxg7 fxe4 18. Bxf8 exf3 19. exf3 Qxf8 20. Qxc1 Bc6 21. f4 Rd8 22. Qe3 Bxg2 23. Kxg2 Qc5 24. Qd4 Qc6+ 25. Kg1 a5 26. Qf6 Rf8 27. Qe7 Rf7 28. Qd6 Kg7 29. Qxc6 dxc6 30. Rd6 b5 31. Rxc6 bxc4 32. bxc4 Kf6 33. c5 Rb7 34. Rb6 Rc7 35. c6 Ke7 36. Ra6 Kd6 37. Rxa5 Rxc6 38. Ra7 h5 39. Rg7 Ra6 40. h4 Rxa3 41. Rxg6 Kd5 42. Rg5+ Kd6 43. Rxh5 Ra7 44. Kg2 Rg7 45. Rg5 Rf7 46. h5 Ke7 47. h6 Kf6 48. Rg7 Rf8 49. g4 Rh8 50. g5+ Kf5 51. Rf7+ Kg4 52. h7 Kh5 53. Rg7 Kg4 54. Re7 1-0

[Event "I'M Not A GM Speed Chess"]
[Site "Chess.com INT"]
[Date "2022.05.23"]
[Round "1.15"]
[White "Williams, Justus D"]
[Black "Rensch, Daniel"]
[Result "0-1"]
[WhiteElo "2417"]
[BlackElo "2402"]
[PlyCount "62"]
[EventDate "2022.05.09"]
[EventType "k.o. (blitz)"]
[EventRounds "4"]
[EventCountry "USA"]
[SourceTitle "CBM 209 Extra"]
[Source "ChessBase"]
[SourceDate "2022.09.30"]
[SourceVersion "1"]
[SourceVersionDate "2022.09.30"]
[SourceQuality "1"]

1. e4 e5 2. f4 d5 3. exd5 exf4 4. Nf3 Nf6 5. Nc3 c6 6. dxc6 Nxc6 7. d4 Bd6 8. Bb5 0-0 9. 0-0 Bg4 10. Ne2 Nd5 11. Qd3 Ncb4 12. Qb3 Be6 13. c4 Ne3 14. Bxe3 fxe3 15. d5 Bf5 16. Nfd4 Bg6 17. a3 Nd3 18. Nf5 Bxf5 19. Rxf5 Bxh2+ 20. Kxh2 Qh4+ 21. Kg1 Nf2 22. Kf1 Ng4 23. Ng1 Nh2+ 24. Ke2 Qg4+ 25. Rf3 a6 26. Ba4 b5 27. cxb5 Qxg2+ 28. Kxe3 Rfe8+ 29. Kd4 Qg4+ 30. Kc5 Rec8+ 31. Kb6 Qd4+ 0-1

[Event "I'M Not A GM Speed Chess"]
[Site "Chess.com INT"]
[Date "2022.05.23"]
[Round "1.17"]
[White "Williams, Justus D"]
[Black "Rensch, Daniel"]
[Result "1-0"]
[WhiteElo "2417"]
[BlackElo "2402"]
[PlyCount "131"]
[EventDate "2022.05.09"]
[EventType "k.o. (blitz)"]
[EventRounds "4"]
[EventCountry "USA"]
[SourceTitle "CBM 209 Extra"]
[Source "ChessBase"]
[SourceDate "2022.09.30"]
[SourceVersion "1"]
[SourceVersionDate "2022.09.30"]
[SourceQuality "1"]

1. d4 Nf6 2. c4 e6 3. Nf3 b6 4. a3 Bb7 5. Nc3 d5 6. Bg5 Be7 7. e3 0-0 8. cxd5 Nxd5 9. h4 Nd7 10. Rc1 c5 11. Bd3 N7f6 12. Nxd5 Nxd5 13. dxc5 h6 14. Bxe7 Nxe7 15. 0-0 Bxf3 16. gxf3 Nd5 17. Rc4 bxc5 18. Kg2 Rb8 19. Qe2 Qf6 20. Rb1 Rb6 21. Qc2 Rd8 22. Rg4 Qe5 23. f4 Nxe3+ 24. fxe3 Qxe3 25. Rg3 Qxf4 26. Rf1 Qe5 27. Rf2 Rdb8 28. b3 f5 29. Bc4 Kh8 30. Rg6 Qd4 31. h5 Rd8 32. Qe2 e5 33. Rxf5 Rxg6+ 34. hxg6 Qd6 35. Kh3 Qxg6 36. Qe4 Qg1 37. Rf1 Qg5 38. Bd3 Qh5+ 39. Kg2 Qg5+ 40. Kh1 Qh5+ 41. Kg1 Qg5+ 42. Kf2 Rf8+ 43. Ke2 Qh5+ 44. Ke1 Rxf1+ 45. Kxf1 Kg8 46. Bc4+ Kf8 47. Qa8+ Ke7 48. Qb7+ Kf6 49. Qc6+ Kg5 50. Qxc5 Qd1+ 51. Kf2 Qd2+ 52. Kf1 Qd1+ 53. Kg2 Qd2+ 54. Qf2 Qxf2+ 55. Kxf2 Kf4 56. b4 g5 57. a4 g4 58. b5 g3+ 59. Kg2 h5 60. a5 h4 61. Be2 Ke3 62. Bg4 Kf4 63. Bh5 Kg5 64. Bd1 Kf4 65. b6 axb6 66. a6 1-0

[Event "I'M Not A GM Speed Chess"]
[Site "Chess.com INT"]
[Date "2022.05.23"]
[Round "1.27"]
[White "Williams, Justus D"]
[Black "Rensch, Daniel"]
[Result "1-0"]
[WhiteElo "2417"]
[BlackElo "2402"]
[PlyCount "87"]
[EventDate "2022.05.09"]
[EventType "k.o. (blitz)"]
[EventRounds "4"]
[EventCountry "USA"]
[SourceTitle "CBM 209 Extra"]
[Source "ChessBase"]
[SourceDate "2022.09.30"]
[SourceVersion "1"]
[SourceVersionDate "2022.09.30"]
[SourceQuality "1"]

1. d4 Nf6 2. Nf3 c5 3. dxc5 Na6 4. c4 e6 5. a3 Bxc5 6. b4 Be7 7. Bb2 0-0 8. e3 d5 9. Nc3 b6 10. cxd5 exd5 11. Be2 Nc7 12. 0-0 Bg4 13. Ne5 Be6 14. Nc6 Qd6 15. Nxe7+ Qxe7 16. Bf3 Rfd8 17. Ne2 Rac8 18. Qd3 Ne4 19. Rac1 Ne8 20. Nf4 N8f6 21. Qa6 Nd2 22. Nxe6 Qxe6 23. Bxf6 Rxc1 24. Rxc1 Nxf3+ 25. gxf3 Qxf6 26. Rc8 h5 27. Rxd8+ Qxd8 28. Qxa7 d4 29. exd4 Qxd4 30. Qa8+ Kh7 31. Qe4+ Qxe4 32. fxe4 b5 33. f4 Kg6 34. Kf2 Kf6 35. Kg3 g6 36. Kh4 Kg7 37. Kg5 f6+ 38. Kh4 Kf7 39. f5 Kg7 40. fxg6 Kxg6 41. Kg3 f5 42. e5 Kf7 43. Kf4 Ke6 44. h4 1-0

[Event "I'M Not A GM Speed Chess"]
[Site "Chess.com INT"]
[Date "2022.05.23"]
[Round "1.38"]
[White "Williams, Justus D"]
[Black "Rensch, Daniel"]
[Result "0-1"]
[WhiteElo "2417"]
[BlackElo "2402"]
[PlyCount "76"]
[EventDate "2022.05.09"]
[EventType "k.o. (blitz)"]
[EventRounds "4"]
[EventCountry "USA"]
[SourceTitle "CBM 209 Extra"]
[Source "ChessBase"]
[SourceDate "2022.09.30"]
[SourceVersion "1"]
[SourceVersionDate "2022.09.30"]
[SourceQuality "1"]

1. e4 c5 2. Nf3 d6 3. Bb5+ Nd7 4. a4 Ngf6 5. d3 e6 6. 0-0 Be7 7. Re1 0-0 8. c3 b6 9. Na3 Bb7 10. Nc2 Rc8 11. Ne3 Qc7 12. h3 Rfd8 13. a5 Nf8 14. axb6 axb6 15. Qe2 Ra8 16. Bd2 Ng6 17. g3 d5 18. exd5 Nxd5 19. Ng4 Bd6 20. Bc4 Bxg3 21. Rxa8 Bxa8 22. fxg3 Qxg3+ 23. Qg2 Qd6 24. Qf2 Ndf4 25. Ng5 Qc6 26. Ne4 Nxh3+ 27. Kg2 Nxf2 28. Ngxf2 f5 29. Kf1 b5 30. Ba2 fxe4 31. Rxe4 c4 32. Be3 Nf8 33. dxc4 bxc4 34. Bxc4 Qxe4 35. Nxe4 Bxe4 36. b4 Rc8 37. Bc5 Rxc5 38. b5 Rxc4 0-1